LEADER 01251nam a2200289 i 4500 001 000000176107 003 CaOOAMICUS 005 20081126000000.0 008 081126s1980 it u000 u fre u 013 $a153593 020 $a2-7122-0120-5 040 $aSeMil$bita 100 1 $aLibermann, François,$d<1802-1852>.$0(OLS)http://semarc/name/65596 245 13$aLe petit traité de la vie intérieure /$cdu Père Libermann ; présentation et commentaire du Père Alexis Riaud. 260 $aParis :$bApostolat des éditions,$c1980. 300 $a157 p. ;$c19 cm. 490 0 $aRessourcement ;$v17 500 $aDono di Don Romano Martinelli. 650 4$aVita cristiana - Meditazioni.$0(OLS)http://semarc/subject/1353 700 1 $aRiaud, Alexis.$0(OLS)http://semarc/name/65597 830 0$aRessourcement ;$v17.$0(OLS)http://semarc/title/26847 850 $aSeMil 852 $aSeMil$W1$xVenegono$y1$m2C I 568$j126929$B126929$CSeMilBibl$Z2$F138805 $81 961 $aOmaggio: Martinelli don Romano 996 $6020$a2-7122-0120-5$9(OLS)http://semarc/number/164549 996 $6245$aLe petit traité de la vie intérieure$9(OLS)http://semarc/title/252694 996 $6260$aParis :$bApostolat des éditions$9(OLS)http://semarc/publisher/30167 LEADER 01078nam a2200241 i 4500 001 000000207111 003 CaOOAMICUS 005 20211215094712.0 008 111021s1857 it u000 u ita u 013 $a185886 040 $aSeMil$bita 100 1 $aAlighieri, Dante,$d<1265-1321>.$0(OLS)http://semarc/name/453 245 10$aCommedia di Dante Allighieri :$bcon ragionamenti e note /$cdi Niccolò Tommaseo. 264 1$aMilano :$bper Giuseppe Reina,$c1857$f(coi tipi di G. Bernardoni) 300 $a775 p. ;$c23 cm. 500 $aEx libris E. Galli 650 4$aAlighieri, Dante <1265-1321> . Divina Commedia - Opere anteriori al 1900.$0(OLS)http://semarc/subject/107 700 1 $aTommaseo, Niccolò,$d<1802-1874>.$0(OLS)http://semarc/name/454 850 $aSeMil 852 $aSeMil$W1$xVenegono$y1$m1M VII 11 FA$j157574$B157574$CSeMilBibl$Z2$F168798 $8I 996 $6245$aCommedia di Dante Allighieri :$bcon ragionamenti e note$9(OLS)http://semarc/title/299521 996 $6264$aMilano :$bper Giuseppe Reina$9(OLS)http://semarc/publisher/52168